| 000 | 00840cam a22003138a 4500 | ||
|---|---|---|---|
| 001 | 7378553 | ||
| 003 | LC | ||
| 005 | 20160229105413.0 | ||
| 008 | 090915s2009 enk 000 f eng | ||
| 015 |
_aGBA947639 _2bnb |
||
| 016 | 7 |
_a015181412 _2Uk |
|
| 020 | _a9780753825655 (pbk.) | ||
| 020 | _a0753825651 (pbk.) | ||
| 035 | _a(OCoLC)ocn321016412 | ||
| 035 | _a(NNC)7378553 | ||
| 040 |
_aUKM _cUKM _dWAU _dYDXCP _dCGU _dNNC |
||
| 050 | 1 | 4 |
_aPR 6111.A93 _b.K23 2009 |
| 082 | 0 | 4 |
_aFIC _bK18e 2009 |
| 100 | 1 |
_aKay, Francesca, _d1957- _920313 |
|
| 245 | 1 | 3 |
_aAn equal stillness / _cFrancesca Kay. |
| 260 |
_aLondon : _bPhoenix, _c2009. |
||
| 263 | _a200908 | ||
| 300 |
_a324 p. ; _c20 cm. |
||
| 650 | 0 |
_aArtists' spouses _vFiction. _920314 |
|
| 942 |
_2lcc _cBK |
||
| 948 | 1 |
_a20091026 _bc _crad1 _dMPS |
|
| 999 |
_c11463 _d11463 |
||